NFL Week 3 Fantasy Leaders 2025-2026 - Statistics

General Stats
  • This quiz has been taken 192 times
  • The average score is 10 of 20
Answer Stats
Position Points Player % Correct
QB 23 Josh Allen
79%
QB 27 Lamar Jackson
72%
RB 32.8 Jonathan Taylor
70%
QB 26.1 Geno Smith
69%
RB 26.9 Jahmyr Gibbs
68%
TE 29 Hunter Henry
65%
QB 29.1 Caleb Williams
64%
WR 22.9 AJ Brown
62%
WR 40.9 Tre Tucker
62%
WR 22.8 Puka Nacua
61%
RB 24 Christian McCaffrey
51%
QB 29 Jalen Hurts
47%
RB 29.4 David Montgomery
46%
TE 27.1 Mark Andrews
37%
WR 24.4 Garrett Wilson
32%
RB 24.9 Omarion Hampton
29%
RB 23.6 Jordan Mason
26%
WR 22.4 Nico Collins
23%
RB 24.1 Cam Skattebo
21%
WR 23.8 Courtland Sutton
18%
No matching quizzes found
Score Distribution
Percent of People with Each Score
Percentile by Number Answered
Your Score History
You have not taken this quiz